000 00717nam a2200217Ia 4500
003 GCL
008 140319s9999 xx 000 0 ara d
040 _aGCL /
_cGCL
082 0 4 _aط
_b372.218
_bف ت
100 1 _aفاطمة المعدول
245 1 0 _aتعال نلعب ونقرأ : حروف وأرقام /
_cفاطمة المعدول
700 1 _aصلاح بيصار
260 _aالقاهرة :
_bالمركز القومى لثقافة الطفل ،
_c2001
300 _a16 ص ؛
_c16 سم
650 0 4 _aتعليم الاطفال
650 0 4 _aالمعرفة
650 0 4 _aكتب الاطفال
650 0 4 _aالحروف الابجدية
650 0 4 _aالارقام - تعليم
942 _2ddc
_cBK
999 _c9429
_d9429